Peter Župník

Bibliographic Details
Main Author: Macek, Václav (Author)
Other Authors: Župník, Peter, 1961- (Photographer), Růžička, Daniel, 1971- (nob)
Format: Book
Language:Slovak
PhysicalDescription:120 s. Zoz. výstav, lit. 48 zázn. v češ., nem. a slov. 20 cm
Published: Martin Osveta 1993
ISBN:8021705590
Edition:[1. vyd.]
Subjects:

MARC

LEADER 00000nam a2200000 a 4500
001 vtls001074081
003 SK-MaSNL
005 20260301193533.0
008 250414s1993 xo 0 slo
015 |a SNBA1994/02 
020 |a 8021705590 
035 |a SNK000016913 
040 |a SNK  |b slo  |c SNK  |e AACR2 
041 0 |a slo 
044 |a xo  |c SK 
080 |a 779  |2 1981 
080 |a 929 Župník, Peter  |2 1981 
100 1 |a Macek, Václav  |4 aut  |9 268571 
245 1 0 |a Peter Župník  |c Václav Macek ; Graf. upr. Daniel Růžička ; Fotogr. Peter Župník ; Prebal a väzba Daniel Růžička 
250 |a [1. vyd.] 
260 |a Martin  |b Osveta  |c 1993  |e Martin  |f Neografia 
300 |a 120 s.  |b Zoz. výstav, lit. 48 zázn. v češ., nem. a slov.  |c 20 cm 
500 |a Súbež. text a text k obr. angl. a franc. 
655 7 |a obrazové publikácie  |2 SNK  |9 70343 
700 1 |a Růžička, Daniel,  |d 1971-  |4 bkd  |9 573109 
700 1 |a Župník, Peter,  |d 1961-  |4 pht  |9 135590 
700 1 |a Růžička, Daniel,  |d 1971-  |4 nob  |9 573109 
852 |a Slovenská národná knižnica 
919 |a 80-217-0559-0 
954 |a Župník, Peter  |a fotografie 
958 |a AAI 
958 |a BX 
958 |a TL 
958 |a NB 
999 |c 877839  |d 879769 
952 |t P60, <04>, [BOOK], {604}  |a SNK  |b SNK  |y VYP  |7 0  |p 17A0346733  |o snkSD 65987 D1  |i snkKSP 1159/94  |0 0  |1 0  |4 0  |d 2002-06-24  |l 0  |r 2004-12-31 00:00:00  |w 2026-02-24 
952 |a SNK  |b SNK  |y PREZ  |7 0  |p 17A1045778  |o snkSD 65987   |0 0  |1 0  |4 0  |d 2013-07-18  |l 0  |r 2026-02-24 06:04:51  |w 2026-02-24 
952 |a SNKLM  |b SNKLM  |y NEVYP  |7 0  |o snklmKK 1009  |i snklm905/2001  |8 7  |0 0  |1 0  |4 0  |d 2006-07-24  |l 0  |r 2026-02-24 06:04:51  |w 2026-02-24